000
00335nam a2200145Ia 4500
008
250604s9999 xx 000 0 und d
082
_a
954.91 STE
100
_a
Stephens, Ian
245
0
_a
Pakistan
250
_a
3rd ed.
260
_a
London:
_b
Ernest Benn Limited,
_c
1967
300
_a
ix, 304p.
600
_a
History
942
_c
GB
999
_c
31388
_d
31388